LIBRARY ONLINE CATALOGUE

The Right play for you / (Record no. 14575)

MARC details
000 -LEADER
fixed length control field 00546nam a22001812 4500
001 - CONTROL NUMBER
control field 0000009813
005 - DATE AND TIME OF LATEST TRANSACTION
control field 20151217160123.0
008 - FIXED-LENGTH DATA ELEMENTS--GENERAL INFORMATION
fixed length control field 081130s xx 000 0 eng d
040 ## - CATALOGING SOURCE
Original cataloging agency KABU
Transcribing agency KABU
100 1# - MAIN ENTRY--PERSONAL NAME
Personal name Carlson, Bernice Wells.
-- 0000009012
245 14 - TITLE STATEMENT
Title The Right play for you /
Statement of responsibility, etc. Bernice Wells Carlson; illustrated by Georgette Boris.
250 ## - EDITION STATEMENT
Edition statement 1st ed.
260 ## - PUBLICATION, DISTRIBUTION, ETC. (IMPRINT)
Place of publication, distribution, etc. New York :
Name of publisher, distributor, etc. Abingdon Press,
Date of publication, distribution, etc. 1960.
300 ## - PHYSICAL DESCRIPTION
Extent 160 p.
852 1# - LOCATION
-- p500 KES
908 ## - PUT COMMAND PARAMETER (RLIN)
Put command parameter 081130
950 ## - LOCAL HOLDINGS (RLIN)
-- 1
Holdings
Withdrawn status Lost status Source of classification or shelving scheme Not for loan Home library Current library Date acquired Total Checkouts Full call number Barcode Date last seen Price effective from Koha item type
    Library of Congress Classification   Kabarak, Main Campus Kabarak, Main Campus 17/12/2015   PZ7 .C37R5 c. 1 15655 17/12/2015 17/12/2015 Children Collection